| 000 | 00500nam a2200169 i 4500 | ||
|---|---|---|---|
| 001 | 29981 | ||
| 003 | ES-MaACL | ||
| 005 | 20250920063035.0 | ||
| 007 | t| | ||
| 008 | 030123s1908 fr ||||1| fre d | ||
| 100 | 1 |
_aBarrès, Maurice, _d1862-1923 _925947 |
|
| 245 | 1 | 0 |
_aVingt-cing années de vie litteraire / _cMaurice Barrés. |
| 260 |
_aParís : _b[s.n., _c1908] ( _eEvreux : _fCh. Herissey) |
||
| 300 |
_aLCII, 442 p. ; _c19 cm. |
||
| 852 |
_aES-MaACL _jA-4072 |
||
| 999 |
_c29981 _d29981 |
||